000 00760nam a22002297a 4500
999 _c64810
_d64810
005 20240530110752.0
008 181216s2018 ua g 00| f ara d
017 _a2017/20541
_bمصر. دار الكتب
020 _a9789777951395
040 _aEG-CaGPL
_cEG-CaGPL
082 0 4 _221
_a813.03 /
_bع خ
100 0 _aعمارة على حسن
245 1 0 _aخبيئة العارف :
_bرواية /
_cعمارة على حسن
250 _aط.3
260 _aالقاهرة :
_bالدار المصرية اللبنانية ،
_c2018.
300 _a326 ص. ؛
_c19 سم.
650 0 7 _2qrmak
_aالادب العربى
650 0 7 _2qrmak
_aالقصص العربية
651 _2qrmak
942 _2ddc
_cBK